Pays d'Amérique à l'aveugle - Statistiques

Statistiques générales
  • Ce quiz a été pris 134 fois
  • Le résultat moyen est 31 sur 35
Statistiques - réponses
Réponse % Correct
Canada
98%
Chili
98%
Etats-Unis
98%
Mexique
98%
Argentine
96%
Brésil
96%
Paraguay
96%
Uruguay
96%
Venezuela
94%
Colombie
93%
Honduras
93%
Panama
92%
Pérou
92%
Bolivie
91%
Cuba
91%
Costa Rica
90%
Equateur
90%
Guatemala
90%
Guyana
90%
République Dominicaine
89%
Jamaïque
88%
Nicaragua
88%
Suriname
88%
Haïti
85%
Bahamas
83%
Salvador
83%
Belize
82%
Barbade
78%
Saint-Christophe-et-Niévès
78%
Antigua et Barbuda
77%
Saint Vincent-et-les-Grenadines
76%
Dominique
75%
Sainte-Lucie
75%
Grenade
73%
Trinité et Tobago
73%
Aucun quiz correspondant
Distribution des résultats
% des personnes avec chaque résultat
Percentile par nombre de réponses
Votre historique - résultats
Vous n’avez pas pris ce quiz